Quiz wiedzy ogólnej #10 - Statystyki

Ogólne statystyki
  • Ten quiz został rozwiązany 9 886 razy
  • Średni wynik to 9 z 20
Statystyki odpowiedzi
Pytanie Odpowiedź % Poprawnych
Z jakiego państwa pochodzi espresso? Włochy
92%
Kamień szlachetny o kolorze krwawo czerwonym Rubin
85%
Jaki jest najcięższy organ wewnętrzny u człowieka? Wątroba
84%
Stolicą którego kraju jest Ułan Bator? Mongolia
68%
Jaka roślina jest najczęściej uprawiana w USA, biorąc pod uwagę wagę i wartość? Kukurydza
62%
Co dokładnie znaczy UFO? Rozwiń skrót po polsku Niezidentyfikowanyobiekt latający
61%
Jaki pierwiastek chemiczny ma symbol Sn? Cyna
54%
Jakie starożytne państwo-miasto było rządzone przez króla Leonidasa? Sparta
54%
Które państwo zdobyło najwięcej medali w zimowych igrzyskach olimpijskich? Norwegia
53%
Jak nazywa się mieszkaniec Moskwy? Moskwianin
52%
Jak nazywa się najwyższe drzewo? Sekwojawieczniezielona
50%
Co jest głównym składnikiem dodawanym do hummusu? Ciecierzyca
41%
Jakie słowo określa luksusowy apartament na ostatnim piętrze wysokiego budynku? Penthouse
37%
Jakie australijskie miasto jest najbardziej wysunięte na zachód? Perth
27%
Jaki związek chemiczny o wzorze C12H22O11 jest stosowany jako cukier stołowy? Sacharoza
27%
Czyja żona została przemieniona w słup soli? {Lot}a
20%
Jak mają na imię aktorki McAdams i Weisz? Rachel
19%
Co występuje w odmianach Pillbox, Panama i Fez? Kapelusze
13%
W jakim mieście rozgrywa się akcja filmów "Robocop" i "Gran Torino"? Detroit
12%
Jak nazywa się najsłynniejsza powieść napisana przez Mary Shelley? Frankenstein
12%
Nie znaleziono quizów pasujących do podanych kryteriów
Rozkład punktacji
Procent ludzi z każdym wynikiem
Percentyl według liczby udzielonych odpowiedzi
Twoja historia wyników
Nie rozwiązałeś tego quizu